| 000 | 01269cab a2200205 4500 | ||
|---|---|---|---|
| 001 | ##L132014 | ||
| 008 | 051221n2005 000 0 eng u | ||
| 035 | _a(Sirsi) u132014 | ||
| 041 | 0 | _aeng | |
| 100 | 1 | _aJoyce, Jacqui | |
| 245 | 0 | 0 | _aAnalysing the changes |
| 260 | _c2005 | ||
| 490 | 0 |
_aEstates Gazette _v(0550) 17 December 2005, 86-87(2) |
|
| 520 | _aGovernment is reviewing the new procedures introduced by its reforms to the Landlord and Tenant Act 1954 after one year in force. The ODPM has set up a committee to advise it on how the reforms are working in practice. Reports on the responses to a survey on the reforms by members of the Property Litigation Association, RICS and the Chancery Bar Association. Discusses the practitioners' answers on contracting out and renewal proceedings, time extensions and s25 notices, the abolition of tenant's counternotice and interim rent. In overview 72% of the respondents thought that the changes had been a success. Table covers the responses in outline. | ||
| 590 | _aIKA030106 | ||
| 650 | 2 | 4 | _aLANDLORD AND TENANT ACT 1954 |
| 650 | 2 | 4 | _aLANDLORD AND TENANT ACT 1954 S25 |
| 690 | _aPROPERTY-COMMERCIAL PROPERTY-LEASEHOLD COMMERCIAL PROPERTY-COMMERCIAL LANDLORD AND TENANT-BUSINESS TENANCIES | ||
| 942 | _n0 | ||
| 999 |
_c76306 _d76306 |
||